<?xml version="1.0" encoding="UTF-8"?>
<record
    xmlns:xsi="http://www.w3.org/2001/XMLSchema-instance"
    xsi:schemaLocation="http://www.loc.gov/MARC21/slim http://www.loc.gov/standards/marcxml/schema/MARC21slim.xsd"
    xmlns="http://www.loc.gov/MARC21/slim">

  <leader>00517nam a22001937a 4500</leader>
  <controlfield tag="005">20250830110529.0</controlfield>
  <controlfield tag="008">250822b        |||||||| |||| 00| 0 eng d</controlfield>
  <datafield tag="020" ind1=" " ind2=" ">
    <subfield code="a">978-93-49482-33-3</subfield>
  </datafield>
  <datafield tag="041" ind1=" " ind2=" ">
    <subfield code="a">English</subfield>
  </datafield>
  <datafield tag="082" ind1=" " ind2=" ">
    <subfield code="a">F 610.73 FRA DB1401</subfield>
  </datafield>
  <datafield tag="100" ind1=" " ind2=" ">
    <subfield code="a">Francis Celestina</subfield>
    <subfield code="9">180613</subfield>
  </datafield>
  <datafield tag="110" ind1=" " ind2=" ">
    <subfield code="a">Misra Kritika</subfield>
    <subfield code="9">212874</subfield>
  </datafield>
  <datafield tag="245" ind1=" " ind2=" ">
    <subfield code="a">Nursing Foundation I &amp; II for BSc Nursing Students</subfield>
  </datafield>
  <datafield tag="250" ind1=" " ind2=" ">
    <subfield code="a">1st ed.</subfield>
  </datafield>
  <datafield tag="260" ind1=" " ind2=" ">
    <subfield code="b">Lotus Publishers</subfield>
    <subfield code="c">2025</subfield>
    <subfield code="a">Punjab</subfield>
  </datafield>
  <datafield tag="300" ind1=" " ind2=" ">
    <subfield code="a">966p</subfield>
  </datafield>
  <datafield tag="365" ind1=" " ind2=" ">
    <subfield code="b">Rs.999.00</subfield>
  </datafield>
  <datafield tag="942" ind1=" " ind2=" ">
    <subfield code="c">DB</subfield>
  </datafield>
  <datafield tag="999" ind1=" " ind2=" ">
    <subfield code="c">367407</subfield>
    <subfield code="d">367407</subfield>
  </datafield>
  <datafield tag="952" ind1=" " ind2=" ">
    <subfield code="0">0</subfield>
    <subfield code="1">0</subfield>
    <subfield code="2">ddc</subfield>
    <subfield code="4">0</subfield>
    <subfield code="7">0</subfield>
    <subfield code="a">BTIN</subfield>
    <subfield code="b">BTIN</subfield>
    <subfield code="d">2025-08-22</subfield>
    <subfield code="g">999.00</subfield>
    <subfield code="i">IK#2025-26#666</subfield>
    <subfield code="l">1</subfield>
    <subfield code="o">F 610.73 FRA DB1401</subfield>
    <subfield code="p">BTIN-DB-1401</subfield>
    <subfield code="q">2026-09-07</subfield>
    <subfield code="r">2026-03-10 15:57:27</subfield>
    <subfield code="s">2026-03-10</subfield>
    <subfield code="w">2025-08-22</subfield>
    <subfield code="y">DB</subfield>
    <subfield code="z">DB1401</subfield>
  </datafield>
  <datafield tag="952" ind1=" " ind2=" ">
    <subfield code="0">0</subfield>
    <subfield code="1">0</subfield>
    <subfield code="2">ddc</subfield>
    <subfield code="4">0</subfield>
    <subfield code="7">0</subfield>
    <subfield code="a">SNCN</subfield>
    <subfield code="b">SNCN</subfield>
    <subfield code="d">2025-08-25</subfield>
    <subfield code="l">5</subfield>
    <subfield code="m">1</subfield>
    <subfield code="o">F 610.73 FRA DB1401</subfield>
    <subfield code="p">SNCN-CB-96</subfield>
    <subfield code="r">2025-12-31 14:46:47</subfield>
    <subfield code="s">2025-12-18</subfield>
    <subfield code="w">2025-08-25</subfield>
    <subfield code="y">CB</subfield>
  </datafield>
</record>
